000 00312nam a22001457a 4500
003 SGT
020 _a9788197133329
082 _a345.06
_bSAR
100 _aSARKAR
245 _aTHE BHARATIYA SAKSHYA ADHINIYAM
260 _aKOLKATA
_bKAMAL LAW HOUSE
_c2025
300 _a2840
490 _a1-2
942 _2ddc
_cBK
999 _c34372
_d34372